000 00560nam a2200229Ia 4500
003 OSt
005 20220924151904.0
006 a|||||r|||| 00| 0
007 ta
008 220923b |||||||| |||| 00| 0 mar d
024 _a339467
037 _cTextual
040 _aARTS
_cARTS
_bmar
041 _2mar
_amar
082 _aO155:g, K8
100 _aKulkari Au.
_9225179
245 0 _aKhandan- Mandan
260 _c1968
650 _aMARATHI LITERATURE
_938000
942 _hO155:g, K8
_cTEXL
_2CC
999 _c467946
_d467946